| 000 | 01793nam2a22002891 4500 | ||
|---|---|---|---|
| 001 | v19\rc\1306000 | ||
| 005 | 20250618031628.0 | ||
| 035 | _a(NLR Aleph) 004463654 | ||
| 090 |
_a4529851 _c4529851 |
||
| 100 | _a20060512d1899 |||y0rusy50 ca | ||
| 101 | 0 | _arus | |
| 102 | _aRU | ||
| 105 | _ay z ||||| | ||
| 200 | 0 | _a... за 1898 год | |
| 210 |
_d[1899] _aБ. м. |
||
| 215 | _a26 с. | ||
| 300 | _aВ конце текста авт. Н. Дракопуло | ||
| 311 | _aПрил. к Циркуляру [№ 7 (363)] по Упр. Кавк. учеб. окр. за 1899 г. № 10 | ||
| 316 |
_aЭкз. РНБ (6/355): припл. к журн. ... 1899 № 7 (363) _5NLR: 6/355 |
||
| 422 | 0 |
_12001#$aЦиркуляр № 7 (363) по Управлению Кавказским учебным округом$v1899, № 10 _tЦиркуляр № 7 (363) по Управлению Кавказским учебным округом |
|
| 461 | 0 |
_1001v19\rc\1305998 _12001#$aОтчет по Саду Елисаветпольского Михайловского ремесленного училища...$v... за 1898 год$90 _94529844 _aЕлизаветпольское Михайловское ремесленное училище _c[Тифлис _d1898-1899] _tОтчет по Саду Елисаветпольского Михайловского ремесленного училища... _v... за 1898 год$90 |
|
| 482 | 0 |
_12001#$aЦиркуляр № 7 (363) по Управлению Кавказским учебным округом$v1899, № 7 (363) _tЦиркуляр № 7 (363) по Управлению Кавказским учебным округом |
|
| 801 | 0 |
_aRU _bNLR _gpsbo |
|
| 801 | 1 |
_aRU _bProSoft-M _2rusmarc |
|
| 852 |
_aNLR _j6/355 |
||
| 942 | _cBOOK | ||
| 980 | _aNB | ||